000 01130nam a2200265 a 4500
001 000010858
005 20240410073845.0
008 091012s1978 dr 001 0 spa d
020 _a8484010198
040 _aDO-SdBNP
_bspa
_cBNPHU
082 _a972.9304
_bP844d
100 1 _aPorter, David D.
_d[1813-1891]
_q(David Dixon),
_926190
245 1 0 _aDiario de una misión secreta a Santo Domingo (1846) /
_cDavid Dixon Porter ; traducción, P. Gustavo Amigo Jensen.
260 _aSanto Domingo :
_bEditora de Santo Domingo,
_c1978.
300 _axiii, 268 p. ;
_c24 cm.
490 1 _aSociedad Domicana de Bibliófilos
_aCultura dominicana,
_v28
500 _aIncluye referencias bibliográficas y notas al pie de las páginas
590 _aInventariado, 2020/MF
600 1 4 _aPOTER, DAVID D.
_q(DAVID DIXON),
_d1813-1891
_926191
651 0 _aRepública Dominicana --
_xHistoria --
_y1844-1930
_91009
651 4 _aRepública Dominicana
_xHistoria
_9170
700 1 2 _aAmigo Jensen, P. Gustavo
_etr.
_926192
830 0 _aSociedad Domicana de Bibliófilos
_v28
_pCultura dominicana,
_926193
910 _aValidado. Control de calidad MFF
999 _c10607
_d10607